Compulsory energy rating for homes (Record no. 77240)

MARC details
000 -LEADER
fixed length control field 01629cab a2200229 4500
001 - CONTROL NUMBER
control field ##L133874
008 - FIXED-LENGTH DATA ELEMENTS--GENERAL INFORMATION
fixed length control field 060615n2006 000 0 eng u
035 ## - SYSTEM CONTROL NUMBER
System control number (Sirsi) u133874
041 0# - LANGUAGE CODE
Language code of text/sound track or separate title eng
110 1# - MAIN ENTRY--CORPORATE NAME
Corporate name or jurisdiction name as entry element United Kingdom
Subordinate unit Department for Communities and Local Government
9 (RLIN) 4939
245 00 - TITLE STATEMENT
Title Compulsory energy rating for homes
Medium [electronic resource]
260 ## - PUBLICATION, DISTRIBUTION, ETC.
Date of publication, distribution, etc. 2006
490 #0 - SERIES STATEMENT
Series statement DCLG News Release
Volume/sequential designation (2006/0028) 14 June 2006
520 ## - SUMMARY, ETC.
Summary, etc. Government has announced that energy ratings similar to consumer-friendly fridge ratings will have to be produced for every home bought and sold in England and Wales from June 2007. A new Energy Performance Certificate (EPC) has been launched which will form part of the home condition report within the home information packs coming on stream in 2007. The certificates will give home buyers and sellers A to G ratings for their home's energy efficiency and carbon emissions. The reports prepared by qualified home inspectors will advise consumers on which energy measures could cut carbon emissions from their home and improve their energy rating. Provides link to a sample EPC.
590 ## - LOCAL NOTE (RLIN)
Local note IKA200606 NTK
650 24 - SUBJECT ADDED ENTRY--TOPICAL TERM
Topical term or geographic name entry element RESIDENTIAL ENERGY PERFORMANCE CERTIFICATES
650 24 - SUBJECT ADDED ENTRY--TOPICAL TERM
Topical term or geographic name entry element HOUSING ACT 2004 PART V
651 #4 - SUBJECT ADDED ENTRY--GEOGRAPHIC NAME
Geographic name England and Wales
Chronological subdivision 1543-
690 ## - LOCAL SUBJECT ADDED ENTRY--TOPICAL TERM (OCLC, RLIN)
Topical term or geographic name as entry element PROPERTY-RESIDENTIAL PROPERTY-ACQUISITION AND DISPOSAL OF RESIDENTIAL PROPERTY-HOME BUYING REFORM
856 40 - ELECTRONIC LOCATION AND ACCESS
Uniform Resource Identifier <a href="https://webarchive.nationalarchives.gov.uk/+/http://www.communities.gov.uk/index.asp?id=1002882&PressNoticeID=2174">https://webarchive.nationalarchives.gov.uk/+/http://www.communities.gov.uk/index.asp?id=1002882&PressNoticeID=2174</a>
Public note View the news release free of charge at webarchive.nationalarchives.gov.uk
942 ## - ADDED ENTRY ELEMENTS (KOHA)
Suppress in OPAC 0
Holdings
Withdrawn status Lost status Source of classification or shelving scheme Damaged status Not for loan Home library Current library Shelving location Date acquired Total Checkouts Full call number Barcode Date last seen Copy number Price effective from Koha item type
    Dewey Decimal Classification     Virtual Virtual Online 15/06/2006   ONLINE PUBLICATION 133874-2001 06/08/2019 1 06/08/2019 Journal article